000
00203 a2200085 4500
020
_a
978-9380856049
100
_a
P. Jaya Rami Reddy
245
_a
A Textbook of Hydrology
260
_b
Laxmi Publications
_c
2016
999
_c
13196
_d
13196